000 00308nam a2200109Ia 4500
008 200302s9999 xx 000 0 und d
100 _aUdo Thonnissen
245 _aFrameworks Frameworks tradition and Innovation/Hebelstabwerke tradition and Innovation
260 _bGta Verlag
260 _c2017
300 _a175
999 _c6545
_d6545